Social philosophy. (Record no. 146)
[ view plain ]
| 000 -LEADER | |
|---|---|
| fixed length control field | 00491cam a2200205ua 4500 |
| 001 - CONTROL NUMBER | |
| control field | 158 |
| 005 - DATE AND TIME OF LATEST TRANSACTION | |
| control field | 20260515113130.0 |
| 008 - FIXED-LENGTH DATA ELEMENTS--GENERAL INFORMATION | |
| fixed length control field | 110322n ii |||gr||||Z||||||eng |
| 040 ## - CATALOGING SOURCE | |
| Transcribing agency | MAIN |
| 082 ## - DEWEY DECIMAL CLASSIFICATION NUMBER | |
| Classification number | 301 |
| 245 ## - TITLE STATEMENT | |
| Title | Social philosophy. |
| Statement of responsibility, etc. | By J. Sanyal. |
| 250 ## - EDITION STATEMENT | |
| Edition statement | 3rd. |
| 260 ## - PUBLICATION, DISTRIBUTION, ETC. | |
| Place of publication, distribution, etc. | Calcutta.: |
| Name of publisher, distributor, etc. | Sribhumi publishing company.,970. |
| 300 ## - PHYSICAL DESCRIPTION | |
| Extent | 245 p.:5 cm. |
| 653 ## - INDEX TERM--UNCONTROLLED | |
| Uncontrolled term | Sociology. |
| 653 ## - INDEX TERM--UNCONTROLLED | |
| Uncontrolled term | Social philosophy. |
| 700 1# - ADDED ENTRY--PERSONAL NAME | |
| Personal name | Sanyal, J., |
| 700 1# - ADDED ENTRY--PERSONAL NAME | |
| Personal name | Mallick, K. N., |
| 942 ## - ADDED ENTRY ELEMENTS (KOHA) | |
| Koha item type | Books |
| Withdrawn status | Lost status | Damaged status | Not for loan | Home library | Current library | Shelving location | Date acquired | Total checkouts | Full call number | Barcode | Date last seen | Copy number | Price effective from | Koha item type |
|---|---|---|---|---|---|---|---|---|---|---|---|---|---|---|
| Naharkatiya College Library | Naharkatiya College Library | General stacks | 09/19/2020 | 301 | SAN | 15043 | 09/19/2020 | 1 | 09/19/2020 | Books |